000
00310nam a2200145Ia 4500
100
_a
Weste/ Eshraghian K
250
_a
2
942
_c
BK
654
_a
cmos
245
_a
Principles of CMOS VLSI design
260
_b
Pearson Education
_c
1993
082
_a
621.395
_b
WES
300
_a
713
546
_a
ENGLISH
999
_c
23088
_d
23088